The Social causes of husband-wife violence /

Bibliographic Details
Other Authors: Straux, Murray Arnold, 1926-, Hotaling, Gerald T.
Format: Book
Language:English
Published: Minneapolis : University of Minnesota Press, [1980]
Subjects:

MARC

Tag First Indicator Second Indicator Subfields
LEADER 00000pam a2200000 i 4500
001 in00000669331
005 20151015080846.0
008 791219s1980 mnu b 00110 eng
010 |a  79027071  
020 |a 0816608865 
020 |a 0816609551 (pbk.) 
035 |a (OCoLC)05892839 
035 |9 ACX6996AM 
040 |a DLC  |c DLC  |d TXA  |d UtOrBLW 
043 |a n-us--- 
049 |a TXAM  |c [1384982] 
050 0 0 |a HQ809.3.U5  |b S88 
082 0 |a 306.8/7 
245 0 4 |a The Social causes of husband-wife violence /  |c Murray A. Straus and Gerald T. Hotaling, editors. 
264 1 |a Minneapolis :  |b University of Minnesota Press,  |c [1980] 
264 4 |c ©1980 
300 |a vii, 269 pages ;  |c 24 cm. 
336 |a text  |b txt  |2 rdacontent 
337 |a unmediated  |b n  |2 rdamedia 
338 |a volume  |b nc  |2 rdacarrier 
500 |a Includes indexes. 
504 |a Bibliography: pages 235-253. 
650 0 |a Marital violence  |x Social aspects  |z United States. 
700 1 |a Straux, Murray Arnold,  |d 1926- 
700 1 |a Hotaling, Gerald T. 
999 |a MARS 
999 f f |s b9c6a3c0-c226-3d3c-a30c-2426dfd6b8b5  |i 99e1b7f3-abcb-3993-b531-28563cf38b34  |t 0 
952 f f |p ric  |a Texas A&M University  |b Rellis Campus  |c Joint Library Facility  |d Remote Storage  |t 0  |e HQ809.3.U5 S88  |h Library of Congress classification  |i unmediated -- volume  |m A14802972454 
998 f f |a HQ809.3.U5 S88  |t 0  |l Remote Storage